Statistieken voor Ministers en Staatssecretarissen van België

Klik hier om de quiz te nemen!

Algemene statistieken

  • Deze quiz is 491 keer genomen
    (200 sinds de laatste reset)
  • De gemiddelde score is 10 van 20

Antwoordstatistieken

PartijBevoegdhedenNaam% Correct
Open VLDPremierAlexander De Croo
100%
Open VLDVicepremier, Minister van Justitie en NoordzeePaul Van Tigchelt
71%
GroenVicepremier, Minister van Ambtenarenzaken, Overheidsbedrijven, Telecommunicatie en PostPetra De Sutter
70%
VooruitVicepremier, Minister van Sociale Zaken en VolksgezondheidFrank Vandenbroucke
68%
CD&VMinister van Binnenlandse Zaken en Institutionele HervormingenAnnelies Verlinden
66%
CD&VVicepremier, Minister van FinanciënVincent Van Peteghem
61%
GroenMinister van EnergieTinne Van der Straeten
59%
VooruitMinister van Ontwikkelingssamenwerking en GrootstedenbeleidCaroline Gennez
53%
CD&VStaatssecretaris voor Nationale Loterij, Asiel en MigratieNicole de Moor
51%
PSMinister van DefensieLudivine Dedonder
48%
MRMinister van Buitenlandse Zaken, Europese Zaken, Buitenlandse Handel en de Federale Culturele InstellingenHadja Lahbib
47%
Open VLDStaatssecretaris voor Begroting en ConsumentenbeschermingAlexia Bertrand
44%
PSVicepremier, Minister van Werk en EconomiePierre-Yves Dermagne
43%
EcoloVicepremier, Minister van MobiliteitGeorges Gilkinet
40%
MRStaatssecretaris voor Privacy, Administratieve Vereenvoudiging, Digitalisering en de Regie der GebouwenMathieu Michel
35%
EcoloMinister van Klimaat, Leefmilieu, Green Deal en Duurzame OntwikkelingZakia Khattabi
33%
MRVicepremier, Minister van Middenstand, Zelfstandigen, KMO's, Landbouw, Institutionele Hervormingen en Democratische VernieuwingDavid Clarinval
31%
PSMinister van Pensioenen en Maatschappelijke IntegratieKarine Lalieux
30%
PSStaatssecretaris voor Relance, Strategische Investeringen en WetenschapsbeleidThomas Dermine
27%
EcoloStaatssecretaris voor Kansengelijkheid, Gendergelijkheid en DiversiteitMarie-Colline Leroy
22%

Scoreverdeling

Percentiel versus Aantal Correcte Antwoorden

Procent van Mensen met Elke Score

Uw Scoregeschiedenis

U heeft deze quiz nog niet genomen sinds de laatste reset